5HLuxD.jpg

KING HENRY VIII SENIOR AND PRIMARY SCHOOL LIBRARY OPAC

Infernal devices / (Record no. 704)

000 -LEADER
fixed length control field 00893nam a22003258i 4500
001 - CONTROL NUMBER
control field 021247043
003 - CONTROL NUMBER IDENTIFIER
control field UkOxU
005 - DATE AND TIME OF LATEST TRANSACTION
control field 20191205104041.0
008 - FIXED-LENGTH DATA ELEMENTS--GENERAL INFORMATION
fixed length control field 180301r20182005enk j 000|f|eng|d
015 ## - NATIONAL BIBLIOGRAPHY NUMBER
National bibliography number GBB884728
Source bnb
016 7# - NATIONAL BIBLIOGRAPHIC AGENCY CONTROL NUMBER
Record control number 018862225
Source Uk
020 ## - INTERNATIONAL STANDARD BOOK NUMBER
International Standard Book Number 9781407189161 (pbk.) :
035 ## - SYSTEM CONTROL NUMBER
System control number (Uk)018862225
040 ## - CATALOGING SOURCE
Original cataloging agency StDuBDS
Language of cataloging eng
Description conventions rda
Transcribing agency StDuBDS
082 ## - DEWEY DECIMAL CLASSIFICATION NUMBER
Classification number FIC REE
100 1# - MAIN ENTRY--PERSONAL NAME
Personal name Reeve, Philip,
Relator term author.
245 10 - TITLE STATEMENT
Title Infernal devices /
Statement of responsibility, etc. Philip Reeve.
263 ## - PROJECTED PUBLICATION DATE
Projected publication date 201807
264 #1 - PRODUCTION, PUBLICATION, DISTRIBUTION, MANUFACTURE, AND COPYRIGHT NOTICE
Place of production, publication, distribution, manufacture London :
Name of producer, publisher, distributor, manufacturer Scholastic,
Date of production, publication, distribution, manufacture, or copyright notice 2018.
300 ## - PHYSICAL DESCRIPTION
Extent 364 p. ;
Dimensions 20 cm.
336 ## - CONTENT TYPE
Content type term text
Source rdacontent
337 ## - MEDIA TYPE
Media type term unmediated
Source rdamedia
338 ## - CARRIER TYPE
Carrier type term volume
Source rdacarrier
490 0# - SERIES STATEMENT
Series statement Mortal engines quartet ;
Volume/sequential designation 3
500 ## - GENERAL NOTE
General note Originally published: 2005.
655 #0 - INDEX TERM--GENRE/FORM
Genre/form data or focus term Science fiction.
655 #0 - INDEX TERM--GENRE/FORM
Genre/form data or focus term Young adult fiction.
942 ## - ADDED ENTRY ELEMENTS (KOHA)
Source of classification or shelving scheme
Koha item type Books - Fiction
Holdings
Withdrawn status Lost status Source of classification or shelving scheme Damaged status Not for loan Collection code Permanent Location Current Location Shelving location Date acquired Total Checkouts Full call number Barcode Date last seen Date last checked out Price effective from Koha item type
          Fiction KH8 Senior School Library KH8 Senior School Library Fiction 2019-12-05 1 FIC REE 3KHSL000101434 2026-03-04 2026-01-28 2019-12-05 Books - Fiction

Powered By KH8 IT Dept